Mạng xã hội với giới trẻ Thành phố Hồ Chí Minh
Nội dung sách gồm: Những vấn đề chung; ảnh hưởng của mạng xã hội đến lối sống giới trẻ thành phố Hồ Chí Minh hiện nay; những đề xuất giải pháp góp phần nâng cao hiệu quả việc sử dụng mạng xã hội của giới trẻ....
Đã lưu trong:
| Tác giả chính: | |
|---|---|
| Định dạng: | Sách |
| Ngôn ngữ: | Undetermined |
| Được phát hành: |
Thành phố Hồ Chí Minh
Văn hóa-Văn nghệ
2013
|
| Những chủ đề: | |
| Các nhãn: |
Thêm thẻ
Không có thẻ, Là người đầu tiên thẻ bản ghi này!
|
| Thư viện lưu trữ: | Trung tâm Học liệu Trường Đại học Cần Thơ |
|---|
| LEADER | 01163nam a2200229Ia 4500 | ||
|---|---|---|---|
| 001 | CTU_237533 | ||
| 008 | 210402s9999 xx 000 0 und d | ||
| 020 | |c 55000 | ||
| 082 | |a 302.30285 | ||
| 082 | |b H125 | ||
| 100 | |a Nguyễn, Thị Hậu | ||
| 245 | 0 | |a Mạng xã hội với giới trẻ Thành phố Hồ Chí Minh | |
| 245 | 0 | |c Nguyễn Thị Hậu chủ biên | |
| 260 | |a Thành phố Hồ Chí Minh | ||
| 260 | |b Văn hóa-Văn nghệ | ||
| 260 | |c 2013 | ||
| 520 | |a Nội dung sách gồm: Những vấn đề chung; ảnh hưởng của mạng xã hội đến lối sống giới trẻ thành phố Hồ Chí Minh hiện nay; những đề xuất giải pháp góp phần nâng cao hiệu quả việc sử dụng mạng xã hội của giới trẻ. | ||
| 526 | |a Các vấn đề xã hội đương đại,Xã hội học văn hóa,Xã hội học lối sống | ||
| 526 | |b XN118,XN352,XN372 | ||
| 650 | |a Mạng xã hội,Social networks | ||
| 910 | |a Tuyến | ||
| 980 | |a Trung tâm Học liệu Trường Đại học Cần Thơ | ||